000 00282nam a22001217a 4500
008 170817b xxu||||| |||| 00| 0 eng d
041 _aeng
080 _22ND
_a51
100 _a36
101 _aMAT
245 _aINTRODUCTION TO DIFFERENTIAL EQUATIONS
_cMILLER,R.K
942 _2udc
_cBK
999 _c24027
_d24027